Catálogo de la biblioteca del Consejo del Estado (Registro nro. 27919)
[ vista simple ]
| 000 -LEADER | |
|---|---|
| campo de control de longitud fija | 01147nam a2200265 i 4500 |
| 001 - NÚMERO DE CONTROL | |
| campo de control | 27919 |
| 003 - IDENTIFICADOR DE NÚMERO DE CONTROL | |
| campo de control | ES-MaACL |
| 005 - FECHA Y HORA DE LA ÚLTIMA TRANSACCIÓN | |
| campo de control | 20250916194302.0 |
| 007 - CAMPO FIJO DE DESCRIPCIÓN FÍSICA--INFORMACIÓN GENERAL | |
| campo de control de longitud fija | t| |
| 008 - DATOS DE LONGITUD FIJA--INFORMACIÓN GENERAL | |
| campo de control de longitud fija | 030115s1877 sp ||||1| spa d |
| 080 ## - NÚMERO DE LA CLASIFICACIÓN DECIMAL UNIVERSAL | |
| Número de la Clasificación Decimal Universal | 017.1(460.27 M.) |
| 110 2# - ENTRADA PRINCIPAL--NOMBRE DE ENTIDAD CORPORATIVA | |
| Nombre de entidad corporativa o nombre de jurisdicción como elemento de entrada | España. |
| Unidad subordinada | Consejo de Estado. |
| -- | Biblioteca. |
| 9 (RLIN) | 156972 |
| 245 10 - MENCIÓN DEL TÍTULO | |
| Título | Catálogo de la biblioteca del Consejo del Estado |
| Resto del título | : creada por Francisco Stª Cruz y reunida por su sucesor el Marqués de Barzanallana / |
| Mención de responsabilidad, etc. | ordenado por Antonio Balbin de Unquera. |
| 260 ## - PUBLICACIÓN, DISTRIBUCIÓN, ETC. | |
| Lugar de publicación, distribución, etc. | Madrid : |
| Nombre del editor, distribuidor, etc. | [s.n.], |
| Fecha de publicación, distribución, etc. | 1877 ( |
| Fabricante | Miguel Ginesta) |
| 300 ## - DESCRIPCIÓN FÍSICA | |
| Extensión | XLIV, 420 p. ; |
| Dimensiones | 23 cm. |
| 530 ## - NOTA DISPONIBLE DE FORMULARIO FÍSICO ADICIONAL | |
| Nota de formato físico adicional disponible | Disponible en formato digital. |
| 610 17 - PUNTO DE ACCESO ADICIONAL DE MATERIA--NOMBRE DE ENTIDAD CORPORATIVA | |
| Nombre de entidad corporativa o nombre de jurisdicción como elemento de entrada | España. |
| Unidad subordinada | Consejo de Estado. |
| -- | Archivo-Biblioteca- |
| Subdivisión de forma | Catálogos |
| Fuente del encabezamiento o término | |
| 9 (RLIN) | 156973 |
| 700 1# - ENTRADA AGREGADA--NOMBRE PERSONAL | |
| Nombre de persona | García Barzanallana, Manuel, |
| Títulos y otros términos asociados al nombre | Marqués de Barzanallana, |
| Fechas asociadas al nombre | 1817-1892 |
| 9 (RLIN) | 54240 |
| 700 1# - ENTRADA AGREGADA--NOMBRE PERSONAL | |
| Nombre de persona | Balbín de Unquera, Antonio, |
| Fechas asociadas al nombre | 1842-1919 |
| 9 (RLIN) | 24846 |
| 700 1# - ENTRADA AGREGADA--NOMBRE PERSONAL | |
| Nombre de persona | Santa Cruz, Francisco, |
| Fechas asociadas al nombre | 1797-1883 |
| 9 (RLIN) | 157021 |
| 852 ## - LOCALIZACIÓN | |
| Ubicación | ES-MaACL |
| Número de control de estantería | C-2633 |
| 852 ## - LOCALIZACIÓN | |
| Ubicación | ES-MaACL |
| Número de control de estantería | B-1015 |
| 856 ## - LOCALIZACIÓN Y ACCESO ELECTRÓNICOS | |
| Identificador Uniforme de Recursos | <a href="http://bdh-rd.bne.es/viewer.vm?id=0000103352&page=1 ">http://bdh-rd.bne.es/viewer.vm?id=0000103352&page=1 </a> |
| Nota pública | Biblioteca Digital Hispánica |
| Estatus retirado | Estado de pérdida | Estado de daño | No para préstamo | Colección | Biblioteca de origen | Biblioteca actual | Ubicación en estantería | Fecha de adquisición | Fuente de adquisición | Total de préstamos | Signatura topográfica completa | Código de barras | Visto por última vez | Precio de reemplazo | Tipo de ítem Koha |
|---|---|---|---|---|---|---|---|---|---|---|---|---|---|---|---|
| Colección digital | Biblioteca del Ateneo de Madrid | Biblioteca del Ateneo de Madrid | Sala Pardo Bazán | 09/06/2015 | B-1015 | 1193854 | 23/02/2023 | 23/02/2023 | Libro impreso antiguo | ||||||
| Colección digital | Biblioteca del Ateneo de Madrid | Biblioteca del Ateneo de Madrid | Sala Palomar | 17/01/2008 | C-2633 | 1028826 | 23/02/2023 | 23/02/2023 | Libro impreso antiguo |
